000 00821nam a2200229 i 4500
001 77754
003 ES-MaACL
005 20250824040148.0
007 t|
008 041108s1997 pr ||||1| spa d
020 _a1-881-703-10-X
080 _a860(729.5)-2.09"18/19"
110 2 _aGrupo de Estudios Dramatúrgicos Iberoamericano.
_94514
245 1 0 _aItinerario del autor dramático iberoamericano /
_cGrupo de Estudios Dramatúrgicos Iberoamericano (G.E.D.I).
250 _a1ª ed.
260 _aSan Juan, Puerto Rico :
_bAteneo Puertorriqueño-LEA,
_c1997.
300 _a222 p. ;
_c20 x 26 cm.
650 7 _aTeatro puertorriqueño
_2embne
_917385
710 2 _aAteneo Puertorriqueño
_92054
852 _aES-MaACL
_jE-10274
_bR.134500
999 _c77754
_d77754